000 00338nam a2200133Ia 4500
008 220216s9999 xx 000 0 und d
100 _aDeka H K
245 0 _aSome important terminologies in agriculture sector
260 _bRubber Sangbad
_c2014
300 _a15
650 _aAgriculture sector
700 _aChoudhury M
942 _cBS
999 _c51289
_d51289